000 00614 a2200181 4500
020 _a1441928057
020 _a9781441928054
082 0 4 _a512.73
090 _c553
_d553
100 1 _aApostol, Tom M.
245 1 0 _aIntroduction to analytic number theory /
_cTom M. Apostol.
260 _a[S.l.] :
_bSpringer,
_c1976.
300 _a338 p. ;
_c24 cm.
490 1 _aUndergraduate texts in mathematics.
830 _aUndergraduate texts in mathematics
942 _aSNS
_cBK
_k512.73 APO
999 _c29183
_d29183